Impacto ambiental en el recurso hídrico de Jacó
Sparad:
| Huvudupphovsman: | |
|---|---|
| Materialtyp: | Bok |
| Publicerad: |
San José, C.R.
1999
|
| Ämnen: | |
| Taggar: |
Lägg till en tagg
Inga taggar, Lägg till första taggen!
|
MARC
| LEADER | 00000nam a2200000Ia 4500 | ||
|---|---|---|---|
| 003 | 008449 | ||
| 005 | 20221231144212.0 | ||
| 008 | 140114s1999 cr a m 000 ||s d | ||
| 040 | |c cru CEDI | ||
| 090 | |a TFG 4077 | ||
| 100 | |a Espinach Mendieta, Esteban |9 8410 | ||
| 245 | |a Impacto ambiental en el recurso hídrico de Jacó | ||
| 260 | |c 1999 |a San José, C.R. | ||
| 300 | |a 124 hojas : ilustraciones (algunas a color) + mapas | ||
| 500 | |a Tesis (Licenciatura en ingeniería civil)--Universidad de Costa Rica. Facultad de Ingeniería. Escuela de Ingeniería Civil | ||
| 650 | |x RECURSOS HIDRICOS |x SISTEMAS DE INFORMACION GEOGRAFICA |x IMPACTO AMBIENTAL |x ANALISIS |x COSTA RICA |9 8411 | ||
| 942 | |c TFG | ||
| 999 | |c 18377 |d 18377 | ||
